000 00647nam a2200229 i 4500
001 C2-0308778
003 PPAK
005 20180728095653.0
008 110512s2005 my a|||| ||||| | may d
020 _a9836282165
040 _aPPAK
_beng
_cPPAK
_erda
082 0 4 _a928.9923
_223
090 0 0 _a928.9923
_bBIO
_dKMI
245 0 0 _aWajah :
_bbiografi penulis
264 1 _aKuala Lumpur :
_bDewan Bahasa dan Pustaka ,
_c2005
300 _axxvi, 796 pages :
_billustrations ;
_c22 cm
336 _2rdacontent
_atext
337 _2rdamedia
_aunmediated
338 _2rdacarrier
_avolume
650 1 0 _aAuthors Malay - Biography.
942 _ddc
_cB
999 _c111353
_d111353